Elementar-Harmonielehre für den Schul- und Selbstunterricht

Hlavní autor: Jadassohn, Salomon, 1831-1902
Jazyk: Němčina
Vydáno: Leipzig : Breitkopf & Härtel, 1894
Fyzický popis: 184 s.
Hudebniny Hudebniny
Uloženo v:
LEADER 00686ncm a22002052a 4500
001 001085479
003 CZ BrMZK
005 20101109092825.0
007 qu
008 980105s1894 gw f ger d
040 |a BOA001  |b cze 
072 7 |a 781  |x Hudební teorie  |2 Konspekt  |9 9 
100 1 |a Jadassohn, Salomon,  |d 1831-1902  |7 xx0064082  |4 aut 
245 1 0 |a Elementar-Harmonielehre für den Schul- und Selbstunterricht  |h [hudebnina] /  |c Salomon Jadassohn 
260 |a Leipzig :  |b Breitkopf & Härtel,  |c 1894 
300 |a 184 s. 
910 |a BOA001  |b Mus2-0667.730 
990 |a MU 
991 |b 201002 
996 6 |b 2619439645  |c Mus2-0667.730  |l MZK  |r Sklad / do 1 hodiny  |n 0  |w 001108542  |u 000010  |a 1  |e BOA001  |j MZK50  |s P